| 000 | 01511nam a2200421 i 4500 | ||
|---|---|---|---|
| 001 | 197061 | ||
| 003 | ES-MaACL | ||
| 005 | 20250812063140.0 | ||
| 008 | 250326s2020 sp | |||| 000 f spa | ||
| 015 | _aMON19 | ||
| 017 |
_aB 27507-2019 _bOficina Depósito Legal Barcelona |
||
| 020 | _a9788491293798 | ||
| 035 | _a(OCoLC)1192383038 | ||
| 035 | _a(SpMaBN)a6693694 | ||
| 040 |
_aSpMaBN _bspa _cSpMaBN _erda |
||
| 080 | _a821.133.1-31"19" | ||
| 080 | _a27-312.2(0:82) | ||
| 100 | 1 |
_aArfi, Stéphane, _d1966- _9239898 _eaut |
|
| 240 | 1 | 0 |
_aTrois jours à Jérusalem _lEspañol |
| 245 | 1 | 3 |
_aEl pequeño maestro / _cStéphane Arfi ; traducción de Martín Schifino. |
| 250 | _aPrimera edición: febrero de 2020 | ||
| 264 | 1 |
_a[Barcelona] : _bSuma de Letras, _c[2020]. |
|
| 264 | 4 | _c©2020 | |
| 300 |
_a310 páginas ; _c21 cm. |
||
| 336 |
_aTexto _2rdacontent |
||
| 337 |
_asin mediación _2rdamedia |
||
| 338 |
_avolumen _2rdacarrier |
||
| 600 | 1 | 7 |
_aJesucristo- _xInfancia _9163996 |
| 655 | 0 |
_9234319 _aNovelas |
|
| 700 | 1 |
_aSchifino, Martín, _d1972- _9239900 _etrl |
|
| 852 |
_aES-MaACL _cDEPOJ _jN-10392 _hDonación: José Lázaro García _xEncuadernación cartoné con sobrecubiertas _9206514 |
||
| 903 |
_9234219 _aLázaro García, José _ednr |
||
| 942 |
_cMONOGRAFIA _n0 |
||
| 999 |
_c197061 _d197061 |
||